Holiday Quiz

Random Holiday or Letter Quiz

S-P-O-R-C-L-E Christmas Images Quiz Stats

 Plays Quiz Updated Dec 24, 2015

Score 0/21 Timer 05:00
1 Play Today
% Correct
sleigh
96.5%
candy cane
95.3%
lights
95.2%
Elf
94.5%
LEGO
94.4%
crayons
94.2%
eggnog
92.1%
Operation
91%
pogo stick
90.4%
roller skates
90.3%
red ribbon
88.5%
% Correct
Rudolph, the Red-Nosed Reindeer
87.3%
ornament
85.5%
Etch-a-Sketch
84.3%
The Polar Express
79.6%
A Christmas Carol
70.3%
poinsettia
70%
Simon
67.7%
Scrooged
50.7%
Love Actually
41.4%
Olive, the Other Reindeer
24.6%

You're not logged in!

Compare scores with friends on all Sporcle quizzes.
Join for Free
OR
Log In

You Might Also Like...

Show Comments

Extras

Top Quizzes Today


Score Distribution

Your Account Isn't Verified!

In order to create a playlist on Sporcle, you need to verify the email address you used during registration. Go to your Sporcle Settings to finish the process.

Report this User

Report this user for behavior that violates our Community Guidelines.

Details: